Organization: theory and design (Record no. 178770)
[ view plain ]
| 000 -LEADER | |
|---|---|
| fixed length control field | 00428nam a2200169Ia 4500 |
| 008 - FIXED-LENGTH DATA ELEMENTS--GENERAL INFORMATION | |
| fixed length control field | 231217s9999 xx 000 0 und d |
| 020 ## - INTERNATIONAL STANDARD BOOK NUMBER | |
| International Standard Book Number | 8131500195 |
| 041 ## - LANGUAGE CODE | |
| Language code of text/sound track or separate title | English |
| 082 ## - DEWEY DECIMAL CLASSIFICATION NUMBER | |
| Classification number | 658.1 DAF1;2 R |
| 100 ## - MAIN ENTRY--PERSONAL NAME | |
| Personal name | Daft, Richard L |
| 245 #0 - TITLE STATEMENT | |
| Title | Organization: theory and design |
| 250 ## - EDITION STATEMENT | |
| Edition statement | 8th ed. |
| 260 ## - PUBLICATION, DISTRIBUTION, ETC. | |
| Date of publication, distribution, etc. | 1994 |
| Name of publisher, distributor, etc. | Thomson |
| Place of publication, distribution, etc. | Australia |
| 300 ## - PHYSICAL DESCRIPTION | |
| Extent | xvi+624 |
| 650 ## - SUBJECT ADDED ENTRY--TOPICAL TERM | |
| Topical term or geographic name entry element | Organization:,theory,design |
| 942 ## - ADDED ENTRY ELEMENTS (KOHA) | |
| Koha item type | Books |
| Date last seen | Total checkouts | Full call number | Accession number | Cost, total (INR) price | Price effective from | Category | Lost status | Damaged status | Department | Withdrawn status | Home library | Current library | Shelving location | Entry date | Vendor | Cost, normal purchase price | Grants | Billnumber | Billdate | Currency symbol | Conversion rate | Discount | Old discount |
|---|---|---|---|---|---|---|---|---|---|---|---|---|---|---|---|---|---|---|---|---|---|---|---|
| 26/01/2024 | 658.1 DAF1;2 R | 44417 | 300.00 | 26/01/2024 | Books | MBA | Central Library | Central Library | MBA | 14/03/2007 | Sri Lakshmi | 375.00 | MBA | 121 | 02/09/2008 | RS | 1 | 75 | 20 |
